Central Library OPAC University of Rajshahi
Normal view MARC view

Entry Topical Term

Number of records used in: 3

001 - CONTROL NUMBER

  • control field: 1613

003 - CONTROL NUMBER IDENTIFIER

  • control field: BD-RjUL

005 - DATE AND TIME OF LATEST TRANSACTION

  • control field: 20220228113308.0

008 - FIXED-LENGTH DATA ELEMENTS

  • fixed length control field: 220228|| aca||aabn | a|a d

040 ## - CATALOGING SOURCE

  • Original cataloging agency: BD-RjUL
  • Transcribing agency: BD-RjUL

150 ## - HEADING--TOPICAL TERM

  • Topical term or geographic name entry element: প্রযুক্তি এবং সভ্যতা

670 ## - SOURCE DATA FOUND

  • Source citation: Work cat.: (BD-RjUL)79468: নূরুজ্জামান, মোঃ , চতুর্থ শিল্পবিপ্লব দার্শনিক ভাবনা /, ২০২০